Biblographie von Japan 1936 - 1937 : Mit erganzungen fur die jahre 1906 - 1935

שמור ב:
מידע ביבליוגרפי
מחבר ראשי: Haenisch, Dr. Wolf
פורמט: ספר
שפה:Undetermined
יצא לאור: Stuttgart Anton Hiersemann 1970
נושאים:
תגים: הוספת תג
אין תגיות, היה/י הראשונ/ה לתייג את הרשומה!
Thư viện lưu trữ: Trung tâm Học liệu Trường Đại học Cần Thơ
LEADER 00668nam a2200217Ia 4500
001 CTU_104762
008 210402s9999 xx 000 0 und d
082 |a 025.42 
082 |b N123/Ban.VI 
100 |a Haenisch, Dr. Wolf 
245 0 |a Biblographie von Japan 1936 - 1937 : 
245 0 |b Mit erganzungen fur die jahre 1906 - 1935 
245 0 |c Wolf Haenisch, Hans Praesent 
260 |a Stuttgart 
260 |b Anton Hiersemann 
260 |c 1970 
650 |a Classification,Classification,Phân loại,Phân loại 
650 |x Books,Sách 
650 |z Japan,Nhật Bản 
904 |i Truc 
980 |a Trung tâm Học liệu Trường Đại học Cần Thơ